000 00731nam a2200289Ia 4500
005 20260324125729.0
008 008 260324s9999 xx 000 0 eng d
020 _a9780203893791
037 _aEBOOK
040 _aCRL
040 _beng
040 _cCRL
041 _2eng
041 _aeng
084 _qCRL
100 _aJudith A. Tindall; David R. Black
_91179092
245 0 _aPeer Programs
245 3 _bAn In-Depth Look at Peer Programs: Planning, Implementation, and Administration
260 _bTaylor and Francis
260 _c2008
365 _a
365 _b195
856 _uhttp://www.taylorfrancis.com/books/9780203893791
942 _cEBOOK
999 _c1774622
_d1774622